| 000 | 01345cam a22003497i 4500 | ||
|---|---|---|---|
| 001 | 18976879 | ||
| 003 | OSt | ||
| 005 | 20240202155937.0 | ||
| 008 | 160216s2016 flua 001 0 eng | ||
| 010 | _a 2016933564 | ||
| 020 | _a9781609911652 | ||
| 040 |
_aDLC _beng _erda _cDLC _dDLC |
||
| 042 | _alccopycat | ||
| 050 | 0 | 0 |
_aAG244 _b.T5318 2016 |
| 082 | 0 | 0 |
_a031.02 _bTIB/R |
| 100 | 1 |
_aTibballs, Geoff _eauthor. _910367 |
|
| 245 | 1 | 0 |
_aRipley's believe it or not! _pUnlock the weird! / _ctext, Geoff Tibballs. |
| 246 | 3 | 0 | _aUnlock the weird! |
| 264 | 1 |
_aOrlando, Florida : _bRipley Publishing, a Jim Pattison Company, _c[2016] |
|
| 300 |
_a253 pages : _bcolor illustrations ; _c31 cm. |
||
| 336 |
_atext _btxt _2rdacontent |
||
| 337 |
_aunmediated _bn _2rdamedia |
||
| 338 |
_avolume _bnc _2rdacarrier |
||
| 490 | 1 |
_aRipley's-- believe it or not! ; _v13 |
|
| 500 | _aIncludes index. | ||
| 650 | 0 | _aCuriosities and wonders. | |
| 650 | 0 |
_aCuriosities and wonders _vPictorial works. |
|
| 830 | 0 |
_aRipley's believe it or not! (Ripley Entertainment Inc.) ; _v13. |
|
| 906 |
_a7 _bcbc _ccopycat _d2 _eepcn _f20 _gy-gencatlg |
||
| 942 |
_2ddc _cBK _h031.02 _iTIB/R _k031.02 _mTIB/R |
||
| 999 |
_c44388 _d44388 |
||